山陰本線全駅 - Statistics

General Stats
  • This quiz has been taken 344 times
  • The average score is 73 of 162
Answer Stats
Answer % Correct
京都
97%
鳥取
94%
城崎温泉
90%
米子
89%
出雲市
89%
福知山
88%
二条
86%
亀岡
86%
豊岡
86%
松江
85%
園部
83%
倉吉
83%
浜田
83%
嵯峨嵐山
82%
長門市
82%
綾部
81%
益田
81%
保津峡
78%
伯耆大山
78%
仙崎
78%
梅小路京都西
77%
宍道
77%
鳥取大学前
76%
76%
安来
75%
浜坂
74%
和田山
73%
西出雲
71%
大田市
71%
江津
71%
丹波口
70%
円町
70%
餘部
70%
太秦
69%
東萩
69%
幡生
69%
玄武洞
68%
香住
67%
鍼灸大学前
64%
玉造温泉
64%
62%
花園
61%
日吉
61%
馬堀
60%
下夜久野
60%
上夜久野
60%
温泉津
58%
胡麻
57%
東松江
57%
養父
56%
八鹿
56%
岩美
52%
湖山
51%
東山公園
51%
石原
50%
江原
49%
竹野
48%
出雲神西
48%
特牛
48%
小串
47%
千代川
45%
八木
45%
和知
45%
大山口
45%
三保三隅
45%
東浜
43%
西浜田
43%
梶栗郷台地
43%
並河
42%
居組
42%
浦安
42%
安栖里
41%
赤碕
41%
乃木
41%
福部
40%
国府
39%
青谷
39%
揖屋
39%
吉富
38%
船岡
38%
高津
38%
直江
38%
上川口
37%
諸寄
37%
荒島
37%
下山
35%
山家
35%
佐津
35%
35%
長門三隅
35%
立木
34%
久谷
34%
由良
34%
田儀
34%
御来屋
33%
来待
33%
仁万
33%
都野津
33%
波子
33%
綾羅木
33%
梁瀬
32%
柴山
32%
江南
32%
川棚温泉
32%
宝木
31%
淀江
31%
荘原
31%
小田
31%
滝部
31%
下北条
30%
大岩
29%
浜村
29%
松崎
29%
久手
29%
五十猛
29%
馬路
29%
石見福光
29%
名和
28%
波根
28%
石見津田
28%
中山口
26%
湯里
26%
折居
26%
須佐
26%
木与
26%
梅ケ峠
26%
長門古市
25%
人丸
25%
八橋
24%
浅利
24%
戸田小浜
24%
長門大井
24%
飯井
24%
下市
23%
下府
23%
敬川
22%
久代
22%
岡見
22%
鎌手
22%
長門二見
22%
飯浦
21%
奈古
21%
三見
21%
黄波戸
21%
黒松
20%
江崎
20%
宇田郷
20%
阿川
20%
黒井村
20%
吉見
20%
安岡
20%
静間
19%
周布
19%
越ケ浜
19%
玉江
18%
長門粟野
17%
宇賀本郷
16%
福江
16%
湯玉
14%
伊上
13%
末垣
10%
No matching quizzes found
Score Distribution
Percent of People with Each Score
Percentile by Number Answered
Your Score History
You have not taken this quiz